Relationships in the Campus Novel Changing Places by David Lodge bakalárska práca

Saved in:
Bibliographic Details
Main Author: Matlovičová, Lucia
Corporate Author: Fakulta aplikovaných jazykov EU v Bratislave. Katedra interkultúrnej komunikácie
Other Authors: Pápaiová, Adriana
Format: Book
Language:English
Published: Bratislava 2016
Tags: Add Tag
No Tags, Be the first to tag this record!

MARC

LEADER 00000nbm a2200000 4500
001 0217488
005 20170130100158.3
041 0 |a eng 
044 |a SK 
245 1 0 |a Relationships in the Campus Novel Changing Places by David Lodge  |b bakalárska práca  |c Lucia Matlovičová ; školiteľ: Adriana Pápaiová 
264 1 |a Bratislava  |c 2016 
300 |a 42 s. 
100 1 |a Matlovičová, Lucia 
700 1 |a Pápaiová, Adriana 
710 2 |a Fakulta aplikovaných jazykov EU v Bratislave. Katedra interkultúrnej komunikácie